000 00773nam a2200241Ia 4500
003 OSt
005 20220923221143.0
006 a|||||r|||| 00| 0
007 ta
008 220922b |||||||| |||| 00| 0 hin d
024 _a195,655
037 _cTextual
040 _aARTS
_cARTS
_bhin
041 _2hin
_ahin
082 _aR4v2, 152H3
100 _aपाण्डेय, राजबली
245 0 _aभारतीय नीति का विकास
246 _aBhāratīya nīti kā vikāsa
260 _aपटना
_b बिहार राष्ट्रभाषा परिषद
_c1943
300 _a214पृ.
_ccm.
942 _hR4v2, 152H3
_cTEXL
_2CC
999 _c347799
_d347799